000 00511nam a2200181Ia 4500
005 20250508153224.0
008 008 250505s9999 xx 000 0 eng d
037 _aTextual
040 _aFEDL
_beng
_cFEDL
041 _aeng
_2eng
084 _a379.11, BEN
_qFEDL
100 _aBenson Charles S
_9347292
245 0 _aEconomics of public education
260 _aBoston, USA
_bHoughton Mifflin Company
_c1961
300 _axx,580p
942 _cTEXL
_h379.11, BEN
999 _c1341350
_d1341350